Представление документа в формате RUSMARC

ПолеНазваниеЗначение
  Тип записи c
  Библиографический уровень m
001 Контрольный номер RU/УОНБ/EK_N/590606234
005 Дата корректировки 20240131005116.9
100 Данные общей обработки __
a Данные общей обработки 20180918d2018 u y0rusy0189||||ca
101 Язык документа 0_
a Язык текста ger
f Язык титульного листа ger
102 Страна публикации __
a Страна публикации DE
105 Кодированные данные (монография) __
a Кодированные данные (монография) y###||||000|y
200 Заглавие и сведения об ответственности 1_
a Заглавие Oktavenschule
b Общее обозначение материала Ноты
d Параллельное заглавие Школа октавной игры
e Сведения, относящиеся к заглавию [для фп.]
f Первые сведения об ответственности Kullak
g Последующие сведения об ответственности neu bearbeitete und erweiterte Auagabe von E. don Sauer
z Язык параллельного заглавия ger
210 Выходные данные 1_
a Место издания Leipzig
c Издательство C. F. Peters
215 Физическое описание __
d Формат 29 см
225 Серия 1_
a Серия Edition Peters
v Обозначение тома nr. 3273c
z Язык параллельного заглавия серии ger
686 Индексы других классификаций __
a Классификационный индекс 85
2 Код системы rubbk
700 Автор _1
a Фамилия Kullak
b Имя (инициалы) T.
g Полное личное имя Theodor
702 Вторичная интеллектуальная ответственность _1
a Фамилия Sauer
b Имя (инициалы) E.
4 Код отношения 340
801 Источник записи _0
a Страна RU
b Организация Ульяновская ОНБ
c Дата составления 20180918
g Правила каталогизации RCR
801 Источник записи _1
a Страна RU
b Организация Ульяновская ОНБ
c Дата составления 20180918
g Правила каталогизации RCR
901 Тип документа __
t Тип документа v
909 Создатель записи __
a Создатель записи Лобина Л. И.
938 Служебная информация __
a Имя БД noti
b Имя библиотеки УОНБ
c Имя АИБС МАРК-SQL
d Номер DOC_ID в БД 19063